[Event "WchT 9th"]
[Site "Antalya"]
[Date "2013.12.04"]
[Round "8.2"]
[White "Akopian, Vladimir Eduardovic"]
[Black "Van Wely, Loek"]
[Result "1-0"]
[WhiteElo "2681"]
[BlackElo "2678"]
[Annotator "Szabo,Kr"]
[PlyCount "135"]
[EventDate "2013.11.26"]
[EventType "team-tourn"]
[EventRounds "9"]
[EventCountry "TUR"]
[SourceTitle "CBM 158"]
[Source "ChessBase"]
[SourceDate "2014.01.16"]
[SourceVersion "1"]
[SourceVersionDate "2014.01.16"]
[SourceQuality "1"]
[WhiteTeam "Armenia"]
[BlackTeam "Netherlands"]
[WhiteTeamCountry "ARM"]
[BlackTeamCountry "NED"]

1. e4 c5 2. Nf3 e6 3. d4 cxd4 4. Nxd4 Nc6 5. Nc3 d6 6. Be3 Nf6 7. f3 Be7 8. Qd2
O-O 9. g4 d5 10. g5 Nh5 11. Rg1 {This line is a little bit out of fashion. The
last game was in 2008 between Ponomariov and Svidler.} Nxd4 $146 {Van Wely
found a novelty very quickly.} (11... dxe4 12. Nxe4 e5 13. Nxc6 bxc6 14. Bc4
Bf5 15. O-O-O Qc7 16. h4 Kh8 17. Qc3 $36 {Ponomariov-Svidler, Moscow blitz
2008. and White had a comfortable position.}) 12. Bxd4 Qa5 13. O-O-O (13. exd5
{was also possible, to play an isolated P structure position} exd5 (13... e5 $2
{does not work, because of} 14. Bxe5 Bc5 15. Rg2 $1 Re8 16. Re2 $18 {and White
preserves his material advantage.}) 14. O-O-O Bd6 15. Kb1 (15. Be3 Bb4) 15...
Be6 {, but because of the g5 P, White has also some weaknesses on the kingside.
}) 13... dxe4 14. fxe4 Rd8 15. e5 g6 16. Bc4 (16. Kb1 {was another option to
protect the a2 P.} Ng7 17. Ne4 Qxd2 18. Rxd2 Nf5 19. Bc3 Rxd2 20. Bxd2 Bd7 $11
{with a balanced fight.}) 16... Bd7 {The most natural reply.} (16... Ng7 17.
Ne4 Qxd2+ 18. Rxd2 Nf5 19. Bc3 Rxd2 20. Bxd2 b6 $11 {was also a roughly equal
endgame.}) 17. Ne4 {Akopian exchanges the Qs, otherwise Rac8 and Bc6 is too
dangerous for him.} Qxd2+ 18. Rxd2 Bc6 19. Nf6+ Nxf6 20. gxf6 Bf8 21. Be3 {
Thanks to the f6 P, White has gained some space, but without Qs in this
endgame it is not so important, the position is about equal.} b5 (21... Rxd2
22. Kxd2 Rd8+ 23. Ke2 {and the white K went to e2, but it does not make a big
difference.}) 22. Bb3 a5 23. a3 Rdc8 {An ambitious move. Black gives up the
d-file, because he wanted to avoid the exchange of the rooks.} 24. Rg4 Rab8 25.
Rd3 a4 26. Ba2 b4 27. axb4 Bxb4 (27... Rxb4 28. Rxb4 Bxb4 $11) 28. Rc4 h5 {
A useful move. Black avoids the mating threats on his back rank and he
prepares for Kh7 and g5 later on.} 29. Bc5 Bb5 (29... Be4 $5 {was an
interesting alternative} 30. Rdd4 Rxc5 31. Rxe4 Rxc4 32. Bxc4 a3 33. bxa3 Bxa3+
34. Kd2 {should be an equal endgame.}) 30. Rxb4 Rxc5 31. Re3 Rbc8 32. c3 Kh7
33. Bb1 Kh6 34. Bc2 Ra8 35. h4 Bc6 36. Rd4 Bb5 37. Kd2 Rb8 38. Kc1 ({Of course
} 38. Bxa4 {is not logical, as} Bxa4 39. Rxa4 Rxb2+ {.}) 38... Ra8 39. Kd2 Rb8
40. Rb4 {They repeated some moves, probably in time trouble.} Rd8+ 41. Kc1 Ra8
42. Rd4 {White protected the b2 P, so 42...Rb8 does not work, but...} Rc4 $1 {
One R exchange is good idea for Black, because after he can play for g5.} 43.
Rxc4 $6 {An inaccuracy.} (43. Kd2 {was safer} Rxd4+ 44. cxd4 Rd8 ({The violent
} 44... g5 {could have been met by} 45. Rg3 $1 (45. hxg5+ Kxg5 46. Re1 $11)
45... gxh4 46. Rg7 h3 47. Be4 {and the black K can find itself in a mating net.
}) 45. Kc3 Rc8+ 46. Kd2 Rc4 47. Kd3 $1 $11 {and Black hasn't got a good R
check, so White can hold the position.}) 43... Bxc4 44. Re4 $2 {Another error.}
(44. Re1 {was better:} g5 45. hxg5+ Kxg5 46. Kd2 Ra5 $15 {, but Black's pieces
are very active, White's position is very unpleasant.}) 44... Bb3 $2 {Black
returns the compliment. The black B would be very strong from d5, preparing
for g5 and the hP is very dangerous.} (44... Bd5 $1 {could have given good
winning chances for Black} 45. Rxa4 (45. Re1 g5 46. hxg5+ Kxg5 $19 {and
Black's h-pawn is very dangerous.}) 45... Rxa4 46. Bxa4 g5 47. hxg5+ Kxg5 48.
Bb5 (48. Kd2 h4 $19) 48... h4 49. Bf1 Kg4 50. Kd2 h3 51. Bxh3+ Kxh3 52. Ke3 Kg4
53. Kd4 Kf4 54. c4 Ba8 55. b4 Bg2 56. b5 Bf1 $3 {This is the point!} 57. b6 Bg2
$19 {and Black wins.}) 45. Bxb3 axb3 46. c4 g5 47. Kd2 Kg6 48. hxg5 Kxg5 (48...
Rh8 49. c5 h4 50. Kc3 h3 51. Re1 h2 52. Rh1 Kxg5 53. Kxb3 {transposes to the
game.}) 49. Re1 h4 50. Kc3 h3 51. Kxb3 h2 52. Rh1 Rh8 53. c5 Kf4 54. Kc4 Kxe5 (
54... Kg3 {was also drawn} 55. c6 Kg2 56. Rc1 h1=Q 57. Rxh1 Rxh1 58. Kc5 Kf3
59. c7 Ke4 60. Kd6 Rd1+ 61. Ke7 Rc1 62. Kd7 Rd1+ $11 {with perpetual checks.})
55. b4 {The critical moment in the game.} Kxf6 $4 {A decisive mistake. After
this Black loses immediately.} ({Black had some drawish moves, for example} 
55... Rh4+ 56. Kb5 Kd5 $11 ({Here even} 56... Kxf6 57. c6 Ke7 58. Kc5 Kd8 59.
b5 Kc8 60. b6 Rh5+ 61. Kd6 Rd5+ 62. Ke7 Rc5 $11 {also saves the game.})) ({but
} 55... Rh5 $11) ({or} 55... Rh3 $11 {was also drawn.}) 56. c6 $1 $18 Ke7 57.
Kc5 Kd8 58. Kb6 $1 {This is the only winning move.} Rh5 (58... Kc8 59. Ra1 $18)
59. b5 f6 60. Rd1+ $1 {Akopian found another important move too.} Rd5 (60...
Kc8 61. Ra1 $18) 61. Ra1 Rh5 62. c7+ Kd7 63. Ra8 h1=Q 64. c8=Q+ Kd6 65. Qc7+
Kd5 66. Qc5+ Ke4 67. Ra4+ Kf3 68. Qc3+ 1-0

[Event "Match/Team URS-World 20,5-19,5"]
[Site "Belgrade"]
[Date "1970.04.02"]
[Round "3.9"]
[White "Tal, Mihail"]
[Black "Najdorf, Miguel"]
[Result "1-0"]
[WhiteElo "2590"]
[BlackElo "2570"]
[Annotator "Tal/Najdorf"]
[PlyCount "86"]
[EventDate "1970.03.29"]
[EventType "team"]
[EventRounds "4"]
[EventCountry "YUG"]
[SourceTitle "MCL"]
[Source "ChessBase"]
[SourceDate "1999.07.01"]
[SourceVersion "1"]
[SourceVersionDate "1999.07.01"]
[SourceQuality "1"]
[WhiteTeam "Soviet Union"]
[BlackTeam "World"]
[WhiteTeamCountry "URS"]
[TimeControl "40/9000:16/5400:0"]

1. e4 c5 2. Nf3 Nc6 3. d4 cxd4 4. Nxd4 e6 5. Nc3 Qc7 6. g3 a6 (6... Nf6 $2 7.
Bf4 $1 {P db5 Najdorf=:N}) (6... Nf6 7. Ndb5 Qb8 8. Bf4 {Fischer-Tal/Bled/1961}
) 7. Bg2 Nf6 8. O-O d6 (8... Be7 9. Re1 $1 d6 10. Nxc6 bxc6 11. e5 $1 dxe5 12.
Rxe5 {N} O-O 13. Bf4 Bd6 14. Rxe6 $1 {Tal=:T}) 9. Re1 Bd7 10. Nxc6 bxc6 (10...
Bxc6 11. Nd5 Bxd5 12. exd5 e5 13. Be3 {P c1[] N} (13. f4 $6 Be7 14. Qe2 O-O 15.
fxe5 dxe5 16. Qxe5 Qxe5 17. Rxe5 Bc5+ 18. Kh1 Ng4)) 11. Na4 e5 $146 (11... Rb8
12. f4 {T} (12. c4 c5 {T/N})) (11... Be7 12. c4 O-O 13. b3 Rab8 14. c5 e5 15.
Bb2 Be6 16. Qc2 Nd7 17. cxd6 Bxd6 18. Rac1 Nb6 19. Nc5 Bc4 20. Bf1 Bxf1 21.
Rxf1 Ra8 22. Rfd1 Qe7 23. Nb7 Ba3 24. Bxa3 Qxa3 25. Qc5 Qxc5 26. Rxc5 Ra7 27.
Na5 Nd7 28. Rxc6 f6 29. Rdc1 Rfa8 30. f3 Nf8 31. Kf2 Kf7 32. Rc7+ Kg6 33. f4
exf4 34. gxf4 Kh6 35. Rxa7 Rxa7 36. Rc6 Ng6 37. Ke3 Kh5 38. Rb6 Kg4 39. Nc6 Rd7
40. e5 Nxf4 41. exf6 {Zaitsev,I-Liberzon,V Almaty 1969 1/2-1/2}) 12. c4 Be7 (
12... c5 $142 {T/N}) 13. c5 $1 {N} O-O (13... d5 14. exd5 cxd5 (14... Nxd5 15.
Bxd5 cxd5 16. Nb6 $1 {T}) 15. Nb6 Rd8 16. Nxd5 {T/N}) 14. cxd6 Bxd6 15. Bg5 (
15. Be3 $142 Be7 {N}) 15... Be7 16. Qc2 h6 17. Be3 Rab8 18. Rac1 Rfd8 19. h3 $2
{N} (19. Bc5 {T}) (19. Nc5 {T}) 19... Nh7 20. Bc5 Be8 21. Red1 Rxd1+ 22. Rxd1
Ng5 23. Bxe7 Qxe7 24. Nc5 Ne6 {N} (24... Rb5 $1 {T/N} 25. Rc1 (25. Nxa6 Ne6 (
25... Ra5)) 25... Ne6 26. Nxe6 Qxe6 {N} 27. Bf1 Rb4 28. Bc4 Qxh3 {T}) 25. Nxe6
Qxe6 26. b3 Qe7 27. Qc3 $1 {P a5 N} Rb4 (27... Rd8 28. Rxd8 Qxd8 29. Qxe5 {N})
(27... Qc7 28. Bf1 a5 29. Rd5 {T/N}) 28. h4 (28. a3 Rd4 $1 {T}) (28. Qd3 a5 29.
Qd2 (29. a3 Rb5) 29... a4 {T}) 28... f6 (28... h5 {T}) (28... a5 {P 29... a4}
29. a3 Rb8 30. Qxa5 Rxb3 31. Rd8 Kf8 $14 {N}) 29. Rd3 Kh7 (29... a5 30. a3 Rb5
31. Bf1 Qxa3 32. Rd8 Qe7 33. Ra8 $16 {N}) 30. Bh3 Bg6 31. Rd7 Qf8 32. Qxc6 Rxe4
(32... Bxe4 33. Qxa6 {N}) 33. Qxa6 Re1+ 34. Kh2 f5 (34... Be4 35. Bg2) (34...
e4 35. h5 $1 Bxh5 36. Qa5 $18 {T}) (34... h5 $142 35. Rd2 {/+- N}) 35. Rd6 (35.
Qa5 Re2 36. Rd2 {T}) 35... Bh5 (35... Qf7 36. Qa5 Re2 37. Rd2 {N}) 36. Qd3 e4
37. Qd5 Bg4 (37... Bf3 38. Bxf5+ (38. Qxf5+ Qxf5 39. Bxf5+ g6 40. Bxg6+ Kg7 41.
g4) 38... Kh8 39. g4 Rh1+ 40. Kg3 Rg1+ 41. Kf4 Rxg4+ 42. Ke3 $18 {P 43. d8 T/N}
) 38. Rd8 Qf6 39. Qg8+ $2 {T/N} (39. h5 $1 Bxh5 40. Bxf5+ $18 {T/N}) 39... Kg6
40. Qe8+ Kh7 41. Bxg4 (41. h5 Bxh5 $1 {T}) 41... fxg4 42. Qg8+ Kg6 43. Rf8 Qe7
(43... Qe7 44. Re8 Qd7 45. Re6+ Kf5 46. Ra6 $18 {T}) 1-0

[Event "Hoogeveen Unive Crown 13th"]
[Site "Hoogeveen"]
[Date "2009.10.22"]
[Round "4"]
[White "Tiviakov, Sergei"]
[Black "Polgar, Judit"]
[Result "1-0"]
[WhiteElo "2670"]
[BlackElo "2687"]
[Annotator "Tiviakov,S"]
[PlyCount "103"]
[EventDate "2009.10.18"]
[EventType "tourn"]
[EventRounds "6"]
[EventCountry "NED"]
[EventCategory "17"]
[SourceTitle "CBM 133"]
[Source "ChessBase"]
[SourceDate "2009.11.19"]
[SourceVersion "1"]
[SourceVersionDate "2009.11.19"]
[SourceQuality "1"]

1. e4 c5 2. Nf3 e6 3. d4 cxd4 4. Nxd4 Nc6 5. Nc3 a6 6. g3 d6 7. Bg2 Bd7 8. O-O
Nf6 9. Nxc6 Bxc6 10. a4 Be7 11. Be3 O-O 12. a5 Nd7 13. Qd2 (13. Qe2 Qc7 14.
Rfd1 Rac8 15. Bd4 Bf6 16. Qc4 Rfd8 17. Qb4 Be7 18. Rd2 Re8 19. Qc4 h6 20. h3 {
1/2-1/2 Tiviakov,S-Quezada Perez,Y/Havana 2008 (20)}) (13. Na4 Qc7 14. c4 Rae8
15. Nb6 f5 16. Nd5 exd5 17. exd5 Bf6 18. Qd2 Nc5 19. dxc6 bxc6 20. Rad1 Ne4 21.
Bxe4 Rxe4 22. Bb6 Qf7 23. b3 Be7 24. Rfe1 Re8 25. Rxe4 fxe4 26. Qe2 Bf8 27. b4
Qb7 28. b5 axb5 29. cxb5 e3 30. Bxe3 cxb5 31. Qa2+ Qf7 32. Qxf7+ Kxf7 33. Rd5
b4 34. a6 Ke6 35. Rb5 d5 36. a7 Bd6 37. Bc5 Bxc5 38. Rb8 Bxa7 39. Rxe8+ Kf6 40.
Ra8 Bd4 41. Rb8 Bc3 42. Kf1 Ke5 43. Ke2 Kd4 44. f4 Kc4 45. Rc8+ Kd4 46. Rb8 Kc4
47. Rc8+ Kd4 48. Rb8 Kc4 49. Rc8+ Kd4 {1/2-1/2 Tiviakov,S-Vega Gutierrez,S/
Benidorm 2008 (49)}) (13. Re1) 13... Qc7 (13... f5 $5 $11 14. f4 (14. Bd4 $6
fxe4 15. Nxe4 (15. Bxe4 Bxe4 16. Nxe4 d5 17. Nc3 e5 18. Bb6 Nxb6 19. axb6 d4
$17) 15... d5 16. Nc3 e5 $15) 14... fxe4 15. Nxe4 $11) 14. Rfe1 Rac8 (14...
Rfc8 15. Bd4 (15. f4 b6 16. axb6 Nxb6 17. b3 Bb7 18. Ra2 d5 19. Qf2 Nd7 20. Na4
dxe4 21. Nb6 Bb4 22. Re2 Nxb6 23. Bxb6 Qd6 24. Bxe4 Bxe4 25. Rxe4 Bc3 26. Rea4
h5 27. Bd4 g6 28. Qe3 Bxd4 29. Rxd4 Qb6 30. Rd3 Qb5 31. c4 Rxc4 32. Re2 Rc7 33.
Kg2 Rac8 34. Red2 Rc2 35. Qe2 Qc6+ 36. Kh3 Rxd2 37. Rxd2 Qb5 38. Qd3 Qa5 39.
Rd1 Kh7 40. b4 Qxb4 41. Qxa6 Rc3 42. Qd6 Qe4 43. Rd2 g5 44. Qd4 Qxd4 45. Rxd4
gxf4 46. Rxf4 Kg6 47. Ra4 Rc2 48. Ra8 Re2 49. Rg8+ Kh7 50. Rg5 Kh6 51. Rg8 e5
52. Re8 Kg7 53. Re7 Kf6 54. Re8 Rf2 55. Rh8 e4 56. Re8 Kf5 57. Re7 f6 58. Re8
Re2 59. Rh8 e3 60. Rxh5+ Ke4 61. g4 Rf2 62. Kg3 Rf3+ 63. Kg2 e2 64. Rh8 Re3 {
0-1 Schumi,M-Kurz,E/Zuerich 1995/EXT 1998 (64)}) 15... b5 16. Nd5 (16. axb6
Nxb6 17. Bf1 Bb7 18. Nd1 Nd7 19. Nc3 Ne5 20. Qe2 h6 21. f4 Nc6 22. Bf2 Bf6 23.
Qd2 Nb4 24. Ra3 d5 25. e5 Be7 26. Ra4 d4 27. Ne4 Nxc2 28. Rc4 Nxe1 29. Qxe1
Qxc4 30. Bxc4 Rxc4 31. b3 Rc2 32. Nd6 d3 33. Be3 Re2 34. Qc1 Bf3 35. Bd2 Bd8
36. Nc4 Rc8 37. Qb1 Rg2+ 38. Kf1 Rxh2 39. Qb2 Bb6 40. Nxb6 Rc2 41. Qd4 Rcxd2 {
0-1 Ratkovich,I-Grachev,B/Minsk 2005/CBM 107 ext (41)}) 16... Bxd5 17. exd5 e5
18. Bc3 Rf8 19. Bh3 Rfe8 20. Bxd7 Qxd7 21. f4 Bf6 22. fxe5 Bxe5 23. Bxe5 dxe5
24. Rad1 Qd6 25. Qc3 f6 26. Qc6 Rad8 27. b3 b4 28. Rd3 {0-1 Radev,N-Doda,Z/
Lublin 1977/MCD (28)}) 15. Bd4 (15. Rec1 Bf6 16. Rd1 Ne5 17. Bb6 Qe7 18. b3 Nd7
19. Bd4 Rfd8 20. Ne2 Nc5 21. Qe3 e5 22. Bxc5 dxc5 23. Nc3 Rd4 24. Nd5 Bxd5 25.
exd5 Qc7 26. c3 Rxd1+ 27. Rxd1 Qxa5 28. d6 Rd8 29. Rd5 Qa1+ 30. Bf1 Qb1 31.
Qxc5 Qxb3 32. d7 e4 33. Re5 Bxe5 34. Qe7 g6 35. Qxd8+ Kg7 36. Qe7 Bc7 37. d8=Q
Bxd8 38. Qxd8 Qxc3 39. Qd5 e3 40. Qxb7 exf2+ 41. Kg2 a5 42. Qf3 Qc7 43. Qxf2
Qc6+ 44. Kg1 Qc3 {1/2-1/2 Rogoff,K-Knaak,R/Polanica Zdroj 1975/MCL (44)}) (15.
Na2 Bf6 16. Qb4 Bb5 {1/2-1/2 Vogt,L-Jansa,V/Trencianske Teplice 1979/MCD (16)})
15... Ne5 $146 (15... Bf6 16. Ne2 (16. Nd1 Bxd4 17. Qxd4 Nf6 18. c4 Rfd8 19.
Ne3 e5 20. Qd3 b5 21. axb6 Qxb6 22. Nf5 Kf8 23. Qd2 Ne8 24. b4 Bd7 25. Ne3 Be6
26. Rec1 Nf6 27. h3 Rb8 28. Rab1 Ra8 29. Qe2 Qd4 30. Rd1 Qb6 31. Nf5 Rac8 32.
Rdc1 Bxf5 33. exf5 Qd4 34. Bb7 Rb8 35. Bxa6 Ne4 36. Rb3 d5 37. cxd5 Rxb4 38.
Rxb4 Qxb4 39. Rc4 Nxg3 40. Rxb4 Nxe2+ 41. Bxe2 Rxd5 42. Rb8+ Ke7 43. Rb7+ Kf6
44. Bc4 Rd1+ 45. Kg2 Kxf5 46. Rxf7+ Kg6 47. Rf3 e4 48. Rf4 Re1 49. Rxe4 Rxe4
50. Bd3 Kf5 51. Kf3 {1-0 Garbett,P-Mc Laren,L/Fencible 1997/EXT 1999 (51)})
16... Rfd8 17. c4 Bxd4 18. Nxd4 e5 19. Nc2 Nc5 20. Qe3 Rb8 21. b4 Ne6 22. Rec1
Bd7 23. Bf1 h6 24. Ra3 Ng5 25. Qd3 Bc6 26. Bg2 b5 27. axb6 Rxb6 28. h4 Ne6 29.
Rca1 Bb7 30. Rd1 Rc8 31. Rc3 Nd4 32. Nxd4 exd4 33. Qxd4 Rxb4 34. Qxd6 Qxd6 35.
Rxd6 Rbxc4 36. Rxc4 Rxc4 37. e5 Bxg2 38. Kxg2 a5 39. Rd8+ Kh7 40. h5 a4 41. Ra8
g5 42. hxg6+ Kxg6 43. f4 Rc2+ 44. Kh3 Ra2 45. Ra6+ Kg7 46. Kg4 Ra3 47. Ra7 Kg8
48. f5 Ra1 49. Ra8+ Kh7 50. e6 fxe6 51. fxe6 Re1 52. Kf5 Kg7 53. Rxa4 Kf8 54.
Kf6 Rf1+ 55. Rf4 Re1 56. Rh4 Rf1+ 57. Kg6 Ke7 58. g4 Rf4 59. Kxh6 Kxe6 60. Kg5
Ra4 61. Rh7 Ra5+ 62. Kg6 Ra6 63. Rf7 Ra8 64. Kg7 Ra5 65. Rf6+ Ke7 66. Rf5 Ra1
67. g5 Rg1 68. Re5+ Kd6 69. Kf6 Rf1+ 70. Rf5 Re1 71. g6 {1-0 Nevednichy,
V-Dumitrache,D/Eforie Nord ROM 2008/The Week in Chess 723 (71)}) 16. b3 Be8 17.
Re3 Nd7 (17... Ng4 18. Re2 Bf6 19. Bxf6 Nxf6 20. Na2 $14) 18. Re2 Bf6 19. Bxf6
Nxf6 20. Na2 (20. Na4 $5 Bxa4 21. Rxa4 Rfd8 22. c4 Rb8 $11 {/\b5}) 20... Bd7 (
20... Bc6 21. Nb4 Rfd8 22. c4 Nd7 23. Qe3 $14) 21. c4 Rfd8 22. Nb4 e5 $6 (22...
Qc5) (22... Bc6) 23. Kh1 $5 (23. Qe3 Be6 (23... Qc5 24. Qxc5 dxc5 (24... Rxc5
25. Rd2 $14) 25. Nd5 $14) 24. Rd2 $14) (23. f4 b5 $132 (23... exf4 24. gxf4 b5
$132)) 23... Ra8 24. f4 $5 (24. Qe3 Qc5 25. Qxc5 dxc5 26. Nd5 (26. Nd3 Bg4 27.
Re3 Nd7 28. h3 Be6 29. f4 f6 $14) 26... Nxd5 27. exd5 f6 28. f4 exf4 29. gxf4
$14) 24... Re8 (24... b5 25. axb6 Qxb6 26. fxe5 (26. Re3 exf4 27. gxf4 Rab8 $13
) 26... dxe5 $132) (24... exf4 25. gxf4 $14) 25. Re3 b5 26. axb6 Qxb6 27. Rae1
(27. fxe5 Rxe5 28. Nd3 Re7 29. e5 $140 $6 Rae8 $15) 27... a5 $6 (27... exf4 28.
gxf4 Rab8 29. Nd5 Nxd5 30. cxd5 (30. Qxd5 $11) 30... f6 $11) (27... Rab8 28.
Nd5 Nxd5 29. exd5 (29. Qxd5 $11) 29... exf4 30. gxf4 Rxe3 31. Rxe3 a5 $11) 28.
fxe5 Rxe5 (28... Ng4 29. Nd5 Qc5 30. exd6 $1 Nxe3 31. Qxe3 Qxd6 32. e5 Qb8 33.
Nb6 Ra7 34. Nxd7 Rxd7 35. Bc6 $14) (28... dxe5 29. Nd5 Nxd5 30. exd5 $14) 29.
Nd3 Qd4 $2 (29... Ree8 $8 30. e5 Ng4 31. R3e2 (31. Bxa8 Rxa8 $11) 31... Rad8
$11) (29... Re7 30. e5 Rae8 31. c5 dxc5 32. exf6 $18) (29... Rh5 30. e5 Ng4 31.
Bxa8 Rxh2+ 32. Qxh2 Nxh2 33. Kxh2 $18) 30. R3e2 Rb8 (30... Rh5 31. e5 $18) (
30... Ree8 31. e5 Ng4 (31... dxe5 32. Bxa8 $18) 32. exd6 $16) 31. Nxe5 Qxe5 32.
Qd3 $18 h5 (32... Be6 33. Rd2 $18 (33. Ra2 Nd7 34. Rd1 $18)) 33. Rd2 Rb6 34.
Qd4 Rxb3 (34... Qxd4 35. Rxd4 Be6 $18) 35. Qxd6 Qxd6 36. Rxd6 Be6 37. c5 Ng4 (
37... Rc3 38. e5 Ng4 39. c6 $18) 38. c6 Rc3 39. e5 a4 (39... Nxe5 40. Rxe5 Rc1+
41. Bf1 Rxf1+ (41... Bh3 42. Rd8+ Kh7 43. Rxh5+ Kg6 44. Rxh3) 42. Kg2 Rc1 43.
Rxa5 $18) 40. Kg1 a3 (40... Kf8 41. h3 Ne3 42. Rxe3 Rxe3 43. c7 Rc3 44. Bc6 $18
) 41. Rd8+ Kh7 42. Rd3 $1 Rc5 (42... Rxd3 43. Be4+ g6 44. Bxd3 a2 45. c7 Nxe5
46. Be2 $18) 43. Rxa3 Nxe5 44. Ra6 g6 (44... f6 45. Be4+ Kh6 (45... f5 46. Bg2)
46. c7 Bc8 47. Ra7 $18) 45. c7 Bc8 (45... Nd3 46. Rexe6 Rc1+ 47. Bf1 fxe6 48.
c8=Q Rxc8 49. Bxd3 $18) (45... Bf5 46. Rf6 Bc8 47. Rd6 $18) 46. Rd6 {(/\Rd5)}
Ng4 (46... Kg7 47. Rd5 Rxd5 48. Bxd5 Kf6 49. h4 $18) 47. Rc6 Ra5 48. h3 Ne5 49.
Rd6 Rc5 50. Rd5 Rxd5 51. Bxd5 f6 52. Kg2 1-0